La Banque d'Angleterre Et les Banques d'Écosse

Salvato in:
Dettagli Bibliografici
Natura: Libro
Lingua:francese
Pubblicazione: Paris Guillaumin et Cie 1867
Tags: Aggiungi Tag
Nessun Tag, puoi essere il primo ad aggiungerne!!

MARC

LEADER 00000nam a2200000 4500
001 0303114
005 20250219084616.5
041 0 |a fre 
044 |a FR 
245 1 0 |a La Banque d'Angleterre Et les Banques d'Écosse  |c L. Wolowski 
264 1 |a Paris  |b Guillaumin et Cie  |c 1867